Der Kriminalität keine Chance
| Authors: | ; ; |
|---|---|
| Format: | Print Book |
| Language: | German |
| Published: |
Berlin
Staatsverlag der Dt. Demokrat. Republik
1985
|
| In: |
Recht in unserer Zeit (58)
Year: 1985 |
| Edition: | 1. Aufl. |
| Availability in Albert-Krebs Library: | KW.00.002 2003-626 |
| Check availability: | HBZ Gateway |
| Subito Delivery Service: | Order now. |
| Keywords: |
MARC
| LEADER | 00000cam a2200000 c 4500 | ||
|---|---|---|---|
| 001 | 027181065 | ||
| 003 | DE-627 | ||
| 005 | 20250613211747.0 | ||
| 007 | tu | ||
| 008 | 920421s1985 xx ||||| 00| ||ger c | ||
| 015 | |a 85,A43,0296 |2 dnb | ||
| 016 | 7 | |a 850861381 |2 DE-101 | |
| 035 | |a (DE-627)027181065 | ||
| 035 | |a (DE-576)026910845 | ||
| 035 | |a (DE-599)GBV027181065 | ||
| 035 | |a (OCoLC)246724067 | ||
| 035 | |a (OCoLC)311395616 | ||
| 040 | |a DE-627 |b ger |c DE-627 |e rakwb | ||
| 041 | |a ger | ||
| 044 | |c XA-DDDE | ||
| 050 | 0 | |a HV8210.5 | |
| 084 | |a 19 |a 20 |2 sdnb | ||
| 084 | |a 2,1 |2 ssgn | ||
| 084 | |a PO 4314 |2 rvk |0 (DE-625)rvk/138436:12458 | ||
| 084 | |a PO 4329 |2 rvk |0 (DE-625)rvk/138436:12476 | ||
| 084 | |a PO 4055 |2 rvk |0 (DE-625)rvk/138436:12262 | ||
| 100 | 1 | |a Ackermann, Rolf |d 1934-2024 |0 (DE-588)130103276 |0 (DE-627)490160174 |0 (DE-576)297998684 |4 aut | |
| 109 | |a Ackermann, Rolf 1934-2024 | ||
| 245 | 1 | 4 | |a Der Kriminalität keine Chance |c Ackermann; Söll; Hahn |
| 250 | |a 1. Aufl. | ||
| 264 | 1 | |a Berlin |b Staatsverlag der Dt. Demokrat. Republik |c 1985 | |
| 300 | |a 83 S. |b Ill. | ||
| 336 | |a Text |b txt |2 rdacontent | ||
| 337 | |a ohne Hilfsmittel zu benutzen |b n |2 rdamedia | ||
| 338 | |a Band |b nc |2 rdacarrier | ||
| 490 | 1 | |a Recht in unserer Zeit |v 58 | |
| 650 | 0 | |a Law Enforcement | |
| 650 | 0 | |a Criminal Investigation | |
| 650 | 0 | |a Crime Prevention | |
| 650 | 0 | |a Crime Prevention |x Citizen participation | |
| 650 | 4 | |a Kriminalität | |
| 650 | 4 | |a Verbrechensbekämpfung | |
| 650 | 4 | |a Deutschland <DDR> / E.d. Polizeirecht | |
| 651 | 0 | |a Germany (East) | |
| 651 | 7 | |0 (DE-588)4011890-3 |0 (DE-627)104732415 |0 (DE-576)20889621X |a Deutschland |g DDR |2 gnd |7 (dpeaa)DE-2619 | |
| 689 | 0 | 0 | |d g |0 (DE-588)4011890-3 |0 (DE-627)104732415 |0 (DE-576)20889621X |a Deutschland |g DDR |2 gnd |
| 689 | 0 | 1 | |d s |0 (DE-588)4033178-7 |0 (DE-627)10458503X |0 (DE-576)209000511 |a Kriminalität |2 gnd |
| 689 | 0 | 2 | |d s |0 (DE-588)4112701-8 |0 (DE-627)104321679 |0 (DE-576)209470127 |a Bekämpfung |2 gnd |
| 689 | 0 | |5 (DE-627) | |
| 689 | 1 | 0 | |d g |0 (DE-588)4011890-3 |0 (DE-627)104732415 |0 (DE-576)20889621X |a Deutschland |g DDR |2 gnd |
| 689 | 1 | 1 | |d s |0 (DE-588)4033178-7 |0 (DE-627)10458503X |0 (DE-576)209000511 |a Kriminalität |2 gnd |
| 689 | 1 | |5 (DE-627) | |
| 700 | 1 | |a Söll, Helmut |0 (DE-588)170738701 |0 (DE-627)060866934 |0 (DE-576)131595377 |4 aut | |
| 700 | 1 | |a Hahn, Gerald |4 aut | |
| 830 | 0 | |a Recht in unserer Zeit |v 58 |9 58 |w (DE-627)13024726X |w (DE-576)015807738 |w (DE-600)549857-0 |x 0863-0119 |7 am | |
| 935 | |a mkri |a LBGMV | ||
| 936 | r | v | |a PO 4314 |b Einzeldarstellungen |k Rechtswissenschaft |k Recht sozialistischer und ehemals sozialistischer Staaten (Ostrecht) bis Erscheinungsjahr 1989 |k DDR (1949-1990) |k Strafrecht |k Kriminologie |k Einzeldarstellungen |0 (DE-627)1271559692 |0 (DE-625)rvk/138436:12458 |0 (DE-576)201559692 |
| 936 | r | v | |a PO 4329 |b Einzeldarstellungen |k Rechtswissenschaft |k Recht sozialistischer und ehemals sozialistischer Staaten (Ostrecht) bis Erscheinungsjahr 1989 |k DDR (1949-1990) |k Strafrecht |k Sonstiges |k Einzeldarstellungen |0 (DE-627)1271707624 |0 (DE-625)rvk/138436:12476 |0 (DE-576)201707624 |
| 936 | r | v | |a PO 4055 |b Sekundärliteratur |k Rechtswissenschaft |k Recht sozialistischer und ehemals sozialistischer Staaten (Ostrecht) bis Erscheinungsjahr 1989 |k DDR (1949-1990) |k Rechtswesen: Allgemeines und Übergreifendes |k Sekundärliteratur |0 (DE-627)1271621932 |0 (DE-625)rvk/138436:12262 |0 (DE-576)201621932 |
| 951 | |a BO | ||
| ELC | |b 1 | ||
| LOK | |0 000 xxxxxcx a22 zn 4500 | ||
| LOK | |0 001 3099431893 | ||
| LOK | |0 003 DE-627 | ||
| LOK | |0 004 027181065 | ||
| LOK | |0 005 20180413070303 | ||
| LOK | |0 008 180413||||||||||||||||ger||||||| | ||
| LOK | |0 040 |a DE-Frei85 |c DE-627 |d DE-Frei85 | ||
| LOK | |0 852 |a DE-Frei85 | ||
| LOK | |0 852 1 |m p |9 00 | ||
| LOK | |0 938 |k p | ||
| LOK | |0 939 |a 13-04-18 |b l01 | ||
| LOK | |0 000 xxxxxcx a22 zn 4500 | ||
| LOK | |0 001 419626607X | ||
| LOK | |0 003 DE-627 | ||
| LOK | |0 004 027181065 | ||
| LOK | |0 005 20221011150710 | ||
| LOK | |0 008 221011||||||||||||||||ger||||||| | ||
| LOK | |0 035 |a (DE-2619)k03552 | ||
| LOK | |0 040 |a DE-2619 |c DE-627 |d DE-2619 | ||
| LOK | |0 092 |o n | ||
| LOK | |0 541 |e Bestand Albert-Krebs-Bibliothek: 2003-626 | ||
| LOK | |0 852 |a DE-2619 | ||
| LOK | |0 852 1 |c KW.00.002 |m p |9 00 | ||
| LOK | |0 935 |a kreb | ||
| LOK | |0 938 |k p | ||
| LOK | |0 939 |a 11-10-22 |b l01 | ||
| ORI | |a SA-MARC-krimdoka001.raw | ||
| TIM | |a 100019491007_100019901002 |b 1949-10-07 - 1990-10-02 | ||
